000 00461cam a2200181ua 4500
020 _a81 7029 104 6
_c90.00
041 _aeng
_h
082 _a005.133
_bTOW/IN
100 _aTownsend, Carl .
245 _aIntroduction to TURBO-PROLOG /
_cCarl Townsend.
_hTextual Documents
250 _a1 /
_b.
260 _aNew Delhi :
_bB P B Publishers ,
_c1988.
300 _a315 ; .
365 _a90.00
504 _a
942 _cBK
999 _c9680
_d9680